01255nam a2200229 a 450000100100000000500170001000800410002702000150006804000250008308200150010810000470012324500730017026000520024330000270029550000700032295201280039295201280052095201280064895201130077695201190088999900170100800002196620200930011525.0100915s2003 dr a 000 0 spa d a9993494917 aDO-SdBNPbspacBNPHU axxxbC389c1 aCedeño Pecunia, Marina Altagracia93391110aConducta social en el trabajo /cMarina Altagracia Cedeño Pecunia. aSanto Domingo :bSomos Artes Gráficas,c2003. a99 p. :bil. ;c21 cm. aIncluye datos biográficos del autor en la solapa de la cubierta 001054708DSaGRbGRcCTd2010-09-15iLF1l0oxxx C389cp21966-30r2020-06-25te. 3w2020-06-25yLFDSZPréstamo en sala 001054708DSaGRbGRcCTd2010-09-15iLF1l0oxxx C389cp21966-40r2020-06-25te. 4w2020-06-25yLFDSZPréstamo en sala 001054708DSaGRbGRcCTd2011-04-04iLF1l0oxxx C389cp21966-50r2020-06-25te. 5w2020-06-25yLFDSZPréstamo en sala 0010718PDaPDbPDcCTd2010-09-15iLF1l0oxxx C389cp21966-10r2020-06-25w2020-06-25yLFPDZNo se presta 0010718PDaPDbPDcCTd2010-09-15iLF1l0oxxx C389cp21966-20r2020-06-25te. 2w2020-06-25yLFPDZNo se presta c21464d21464